000 00654nam a2200217Ia 4500
001 2623
003 GE_BSU
008 181216s||||||||xx |||||||||||||| ||und||
020 _a9789994066391
040 _cGE_BSU
080 _a913(100)
100 _aჭანტურია, გ; მამალაძე,ნ;ბლიაძე,, მ;
245 _aმსოფლიოს გეოგრაფია Xi
260 _aთბილისი
260 _bსაქართ.მაცნე
260 _c2007
300 _a303 გვ. ილ.
541 _h12 ლ.
653 _aმსოფლიოს გეოგრაფია
942 _cBK
999 _c36694
_d36694